Normal view
MARC view
- Sak Onk Visit & John J. Shaw
Entry Personal Name
001 - CONTROL NUMBER
- control field: 2609
003 - CONTROL NUMBER IDENTIFIER
- control field: OSt
005 - DATE AND TIME OF LATEST TRANSACTION
- control field: 20191214154359.0
008 - FIXED-LENGTH DATA ELEMENTS
- fixed length control field: 191214|| aca||aabn | a|a d
040 ## - CATALOGING SOURCE
- Original cataloging agency: OSt
- Transcribing agency: OSt
100 ## - HEADING--PERSONAL NAME
- Personal name: Sak Onk Visit & John J. Shaw
670 ## - SOURCE DATA FOUND
- Source citation: Work cat.: (OSt)1139: Sak Onk Visit & John J. Shaw, International Marketing Analysis & Strategy., 2000
